000 00645nam a2200193 i 4500
001 63300
003 ES-MaACL
005 20230906164825.0
007 t|
008 031209s1953 sp ||||1| spa d
100 1 _aFernández Turegano, José.
_950125
245 1 3 _aLa enfermera y la Escuela Nacional de Instructoras Sanitarias /
_cJosé Fernández Turegano.
260 _aMadrid :
_b[s.n.],
_c1953 (
_fGonzález)
300 _a20 p., 8 lám. ;
_c19 cm.
490 1 _aColección folletos para médicos ;
_v32
830 0 _aColección folletos para médicos ;
_v32
_9182080
852 _aES-MaACL
_j1948-F-8
_bR.34363
999 _c63300
_d63300